مكتبة جامعة عجلون الوطنية

فهرس بحث المكتبة

الدولة الفاطمية في المغرب 296-365هـ/909-975م (Record no. 31072)

MARC details
000 -LEADER
fixed length control field 00983nam a2200241Ii 4500
003 - CONTROL NUMBER IDENTIFIER
control field JO-AjNU
008 - FIXED-LENGTH DATA ELEMENTS--GENERAL INFORMATION
fixed length control field 230605s9999||||xx |||||||||||||| ||und||
017 ## - COPYRIGHT OR LEGAL DEPOSIT NUMBER
Copyright or legal deposit number 2014/9/4581
020 ## - INTERNATIONAL STANDARD BOOK NUMBER
International Standard Book Number 978-9957-721-05-3
040 ## - CATALOGING SOURCE
Original cataloging agency JO-AjNU
Language of cataloging ara
Description conventions rda
Transcribing agency JO-AjNU
041 ## - LANGUAGE CODE
Language code of text/sound track or separate title ara
050 14 - LIBRARY OF CONGRESS CALL NUMBER
Classification number DT95.7.K43.2015
100 3# - MAIN ENTRY--PERSONAL NAME
Personal name الخزاعله، ياسر طالب راجي,
Relator term author
9 (RLIN) 60916
245 00 - TITLE STATEMENT
Title الدولة الفاطمية في المغرب 296-365هـ/909-975م
250 ## - EDITION STATEMENT
Edition statement ط1
264 31 - PRODUCTION, PUBLICATION, DISTRIBUTION, MANUFACTURE, AND COPYRIGHT NOTICE
Place of production, publication, distribution, manufacture عمان: زمزم ناشرون وموزعون، 2015
300 ## - PHYSICAL DESCRIPTION
Extent 258ص
Other physical details يحتوي على ملاحق من ص(273-285)
336 ## - CONTENT TYPE
Content type term text
Content type code txt
Source rdacontent
337 ## - MEDIA TYPE
Media type term unmediated
Media type code n
Source rdamedia
338 ## - CARRIER TYPE
Carrier type term volume
Carrier type code nc
Source rdacarrier
490 0# - SERIES STATEMENT
Series statement سلسلة الدول العربية في المغرب العربي بين القرنين الثاني والرابع الهجري 4
650 #4 - SUBJECT ADDED ENTRY--TOPICAL TERM
Topical term or geographic name entry element المغرب- الدولة الفاطمية-296-365هـ/909-975م- تاريخ
9 (RLIN) 60917
Holdings
Withdrawn status Lost status Source of classification or shelving scheme Damaged status Not for loan Home library Current library Shelving location Date acquired Total Checkouts Full call number Barcode Date last seen Price effective from Koha item type
    Library of Congress Classification     مكتبة جامعة عجلون الوطنية مكتبة جامعة عجلون الوطنية المجموعات العامة 06/06/2023   DT95.7.K43.2015 A27504 06/06/2023 06/06/2023 Books